000 00668nam a2200229Ia 4500
005 20241216011130.0
008 190212s9999||||xx |||||||||||||| ||und||
020 _a84-7738-474-6
082 _a614.5993
_bC89
100 _aCUADRADO DEL BARRIO, EMILIO
245 0 _aINMUNOLOGIA DE LA INFECCION POR VIH
250 _a0
260 _aMADRID - ESPAÑA
_bSINTESIS, S.A.
_c1997
300 _a176 pag
_c21.5 cm
341 _h80
490 _v0
_a0
505 _aBIOLOGIA MOLECULAR/CICLO VITAL/LINFOCITOS/INFECCION POR VIH/
541 _aC
_bLIBRERIA SAN CRISTOBAL
_d17-Sep-03
_oSoles
650 _aCIENCIAS APLICADAS
856 _zCiencias Aplicadas
942 _cLIBRO
999 _c33484
_d33484